Biblioteca

Manual de historia de las doctrinas / Reinhold Seeberg ; José Míguez Bonino, Traductor (Registro nro. 38895)

Detalles MARC
000 -LÍDER
Campo fijo de descripción fija 006650000a22001810004500
041 0# - CÓDIGO DE IDIOMA
Código de idioma para texto/pista de sonido o título separado
082 04 - NÚMERO DE CLASIFICACIÓN DECIMAL DEWEY
Número de clasificación G 280 S4513m
001 - NÚMERO DE CONTROL
Campo de control 8776
100 1# - ASIENTO PRINCIPAL--NOMBRE PERSONAL
Nombre personal Seeberg, Reinhold
245 10 - TÍTULO
Título del Material Manual de historia de las doctrinas / Reinhold Seeberg ; José Míguez Bonino, Traductor
260 ## - PUBLICACIÓN, DISTRIBUCIÓN, ETC. (PIE DE IMPRENTA)
Lugar de publicación, distribución, etc. El Paso, TX., USA : Casa Bautista de Publicaciones
300 ## - DESCRIPCIÓN FÍSICA
Extensión 401 Pag
336 ## - CONTENT TYPE
Content type term texto
Content type code txt
Source rdacontent
337 ## - MEDIA TYPE
Source rdamedia
Media type term sin mediación
Media type code n
338 ## - CARRIER TYPE
Source rdacarrier
Carrier type term volumen
Carrier type code nc
505 00 - NOTA DE CONTENIDO
Nota de contenido con formato preestablecido Tomo I : Historia de doctrinas en la iglesia antigua, 401 Pag. Tomo II : Historia de las doctrinas en la edad media y principio de la edad moderna, 471 Pag
942 ## - TIPO DE MATERIAL (KOHA)
Tipo de Item KOHA Libros General
Existencias
Estado de Material Estado de Perdido Estado de Dañado No para Préstamo Colección Tomo Biblioteca de Origen Biblioteca Permanente Fecha de Adquisición Total de Préstamos Signatura Topográfica Código de Barras Última vez visto Ejemplar/Existencia Fecha de Remplazo Tipo de Material Total de Renovaciones Última vez Préstado
        Colección General 1 Biblioteca FUSBC Biblioteca FUSBC 17/01/2005   G 280 S4513m 7148 12/12/2019 1 26/01/2016 Libros General    
        Colección General 2 Biblioteca FUSBC Biblioteca FUSBC 17/01/2005   G 280 S4513m 7151 12/12/2019 2 26/01/2016 Libros General    
        Colección General 1 Biblioteca FUSBC Biblioteca FUSBC 17/01/2005   G 280 S4513m 7150 12/12/2019 2 26/01/2016 Libros General    
        Colección General 2 Biblioteca FUSBC Biblioteca FUSBC 17/01/2005 1 G 280 S4513m 7149 12/12/2019 1 26/01/2016 Libros General 2 18/04/2016

Biblioteca FUSBC | Teléfono: (57+4) 349 88 10 Ext. 141| WhatsApp (+57) 3005338115 
E-mail: biblioteca@unisbc.edu.co | Calle 76 87-14 Robledo Palenque, Medellín, Colombia

Con tecnología Koha